LEADER 02352nam 22005775 450 001 9910370046003321 005 20250610110234.0 010 $a9789811507540 010 $a9811507546 024 7 $a10.1007/978-981-15-0754-0 035 $a(CKB)4100000009836987 035 $a(MiAaPQ)EBC5971764 035 $a(DE-He213)978-981-15-0754-0 035 $a(Perlego)3485784 035 $a(MiAaPQ)EBC30159098 035 $a(EXLCZ)994100000009836987 100 $a20191104d2020 u| 0 101 0 $aeng 135 $aurcnu|||||||| 181 $ctxt$2rdacontent 182 $cc$2rdamedia 183 $acr$2rdacarrier 200 10$aCoast Guards and Ocean Politics in the Arctic /$fby Andreas Østhagen 205 $a1st ed. 2020. 210 1$aSingapore :$cSpringer Nature Singapore :$cImprint: Palgrave Pivot,$d2020. 215 $a1 online resource (101 pages) 311 08$a9789811507533 311 08$a9811507538 327 $aFacing Arctic Challenges at Sea -- Maritime Sovereignty, Rights and Cooperation -- Maritime Tasks and Challenges in the Arctic -- Coast Guards in the Arctic -- A Case of Bilateral Cooperation - Norway-Russia -- International Cooperation as an Arctic Solution? -- The Growing Importance of Coast Guards. 330 $aThis book is about how coast guards are becoming states' foremost tool to manage changes occurring in ocean politics generally, and in the Arctic specifically. It looks at states' rights at sea, changes occurring in the Arctic region, how coast guards are handling issues arising, and how international cooperation can deal with some of the related challenges. . 606 $aEnvironmental policy 606 $aEnvironmental law 606 $aShipping 606 $aEnvironmental Policy 606 $aEnvironmental Law 606 $aMaritime Economics 615 0$aEnvironmental policy. 615 0$aEnvironmental law. 615 0$aShipping. 615 14$aEnvironmental Policy. 615 24$aEnvironmental Law. 615 24$aMaritime Economics. 676 $a341.448 700 $aØsthagen$b Andreas$4aut$4http://id.loc.gov/vocabulary/relators/aut$01059524 801 0$bMiAaPQ 801 1$bMiAaPQ 801 2$bMiAaPQ 906 $aBOOK 912 $a9910370046003321 996 $aCoast Guards and Ocean Politics in the Arctic$92506779 997 $aUNINA LEADER 02050nam 2200457z- 450 001 9910765527903321 005 20231206 010 $a2-84867-985-9 035 $a(PPN)273871552 035 $a(CKB)5840000000413829 035 $a(oapen)doab131599 035 $a(EXLCZ)995840000000413829 100 $a20231129c2023uuuu -u- - 101 0 $aeng 135 $aurmn|---annan 181 $ctxt$2rdacontent 182 $cc$2rdamedia 183 $acr$2rdacarrier 200 00$aLa bourgeoisie rurale dans le vignoble du Jura au xixe siècle 210 $aBesançon$cPresses universitaires de Franche-Comté$d2023 215 $a1 online resource (380 p.) 225 1 $aAnnales littéraires 311 08$a2-84867-977-8 330 $aThe nineteenth century Bourgeoisie in the rural French Jura were not what you might expect. In sometimes delicate, sometimes down-to-earth language, they candidly discuss the running of the vineyards, the sex lives of the housemaids, their sensitivity to smells, their concerns about money or their relations with the neighbours in the farm or chateau next door. Men and women both escape from received gender roles, often far from traditional standards. Refusing to face the upheavals of the nineteenth century, they remain attached to an immutable past thus putting themselves in danger. Drawing from private correspondence, the author reveals its microhistory. 606 $ac 1500 onwards to present day$2bicssc 606 $aEuropean history$2bicssc 606 $aHistory and Archaeology$2bicssc 606 $aSocial and cultural history$2bicssc 610 $acorrespondances 610 $agenre 610 $ahistoire sociale 610 $amicrohistoire 610 $aruralité 615 7$ac 1500 onwards to present day 615 7$aEuropean history 615 7$aHistory and Archaeology 615 7$aSocial and cultural history 906 $aBOOK 912 $a9910765527903321 996 $aLa bourgeoisie rurale dans le vignoble du Jura au xixe siècle$94424488 997 $aUNINA